[Event "Russian Higher League 2021"]
[Site "?"]
[Date "2021.07.05"]
[Round "9.17"]
[White "Faizrakhmanov, Ramil"]
[Black "Murzin, Volodar"]
[Result "1/2-1/2"]
[WhiteElo "2484"]
[BlackElo "2502"]
[Annotator ""]
[Source ""]
[Remark ""]

1.d4 {[%clk 1:30:56]} Nf6 {[%clk 1:27:42]} 2.c4 {[%clk 1:31:07]}
g6 {[%clk 1:28:07]} 3.Nc3 {[%clk 1:31:19]} Bg7 {[%clk 1:28:32]}
4.e4 {[%clk 1:31:32]} O-O {[%clk 1:28:53]} 5.h3 {[%clk 1:31:29]}
d6 {[%clk 1:29:02]} 6.Be3 {[%clk 1:31:26]} e5 {[%clk 1:28:51]}
7.d5 {[%clk 1:31:35]} Na6 {[%clk 1:28:24]} 8.g4 {[%clk 1:30:51]}
Nc5 {[%clk 1:28:43]} 9.f3 {[%clk 1:30:46]} c6 {[%clk 1:28:28]}
10.Nge2 {[%clk 1:27:13]} cxd5 {[%clk 1:28:07]} 11.cxd5 {[%clk 1:27:21]}
Ne8 {[%clk 1:28:17]} 12.Qd2 {[%clk 1:24:21]} Qh4+ {[%clk 1:28:21]}
13.Bf2 {[%clk 1:22:54]} Qf6 {[%clk 1:28:26]} 14.Bg2 {[%clk 1:20:06]}
a5 {[%clk 1:24:14]} 15.h4 {[%clk 1:15:15]} Bd7 {[%clk 1:20:00]}
16.h5 {[%clk 1:10:56]} Qd8 {[%clk 1:19:22]} 17.Be3 {[%clk 1:06:00]}
b5 {[%clk 0:59:23]} 18.Ng3 {[%clk 1:03:28]} b4 {[%clk 0:56:48]}
19.Nd1 {[%clk 1:01:54]} Nc7 {[%clk 0:55:57]} 20.Nf2 {[%clk 0:51:16]}
Nb5 {[%clk 0:55:53]} 21.Ne2 {[%clk 0:44:01]} Rc8 {[%clk 0:47:25]}
22.g5 {[%clk 0:39:05]} b3 {[%clk 0:45:04]} 23.h6 {[%clk 0:30:55]}
Bh8 {[%clk 0:44:45]} 24.a4 {[%clk 0:30:18]} Nc7 {[%clk 0:40:11]}
25.Bxc5 {[%clk 0:28:45]} dxc5 {[%clk 0:40:27]} 26.Bh3 {[%clk 0:26:25]}
Bxh3 {[%clk 0:39:46]} 27.Nxh3 {[%clk 0:25:31]} Ne8 {[%clk 0:38:41]}
28.O-O {[%clk 0:23:19]} Nd6 {[%clk 0:37:44]} 29.Nc3 {[%clk 0:22:22]}
c4 {[%clk 0:26:06]} 30.Kh2 {[%clk 0:21:35]} Rb8 {[%clk 0:21:04]}
31.Qe3 {[%clk 0:17:30]} f6 {[%clk 0:14:31]} 32.Rac1 {[%clk 0:16:48]}
Rb4 {[%clk 0:13:47]} 33.Rfd1 {[%clk 0:12:45]} Rf7 {[%clk 0:12:22]}
34.Nb5 {[%clk 0:06:29]} Qf8 {[%clk 0:03:25]} 35.Qb6 {[%clk 0:03:45]}
Rxb5 {[%clk 0:01:52]} 36.axb5 {[%clk 0:04:11]} fxg5 {[%clk 0:02:18]}
37.Nxg5 {[%clk 0:03:44]} Qxh6+ {[%clk 0:02:16]} 38.Nh3 {[%clk 0:04:10]}
Rxf3 {[%clk 0:01:06]} 39.Qd8+ {[%clk 0:04:22]} Qf8 {[%clk 0:01:01]}
40.Qxf8+ {[%clk 0:34:01]} Rxf8 {[%clk 0:31:16]} 41.Ra1 {[%clk 0:23:54]}
Ra8 {[%clk 0:28:48]} 42.Ra4 {[%clk 0:18:26]} c3 {[%clk 0:17:12]}
43.b6 {[%clk 0:18:14]} c2 {[%clk 0:14:35]} 44.Rda1 {[%clk 0:18:08]}
Rc8 {[%clk 0:13:53]} 45.Rxa5 {[%clk 0:15:19]} Bf6 {[%clk 0:08:15]}
46.Nf2 {[%clk 0:07:48]} c1Q {[%clk 0:02:59]} 47.Rxc1 {[%clk 0:08:12]}
Rxc1 {[%clk 0:03:27]} 48.Ra8+ {[%clk 0:08:12]} Kf7 {[%clk 0:02:22]}
49.Ra7+ {[%clk 0:08:32]} Ke8 {[%clk 0:02:28]} 50.b7 {[%clk 0:08:06]}
Nxb7 {[%clk 0:02:54]} 51.Rxb7 {[%clk 0:08:32]} Rc2 {[%clk 0:03:12]}
52.Kg3 {[%clk 0:07:31]} Bh4+ {[%clk 0:01:03]} 53.Kxh4 {[%clk 0:07:55]}
Rxf2 {[%clk 0:01:32]} 54.Rxb3 {[%clk 0:07:17]} Rf4+ {[%clk 0:00:52]}
55.Kg5 {[%clk 0:07:38]} Rxe4 {[%clk 0:01:18]} 56.Rb7 {[%clk 0:07:46]}
Rd4 {[%clk 0:01:35]} 57.Kf6 {[%clk 0:07:25]} Rxd5 {[%clk 0:01:46]}
58.Ke6 {[%clk 0:07:49]} Rd2 {[%clk 0:02:10]} 59.Rxh7 {[%clk 0:07:57]}
Kd8 {[%clk 0:02:24]} 60.Kxe5 {[%clk 0:08:18]} 1/2-1/2

[Event "Russian Higher League 2021"]
[Site "?"]
[Date "2021.07.05"]
[Round "9.18"]
[White "Rozum, Ivan"]
[Black "Tsvetkov, Andrey"]
[Result "0-1"]
[WhiteElo "2549"]
[BlackElo "2412"]
[Annotator ""]
[Source ""]
[Remark ""]

1.c4 {[%clk 1:27:19]} e6 {[%clk 1:30:47]} 2.Nf3 {[%clk 1:27:24]}
d5 {[%clk 1:31:03]} 3.g3 {[%clk 1:27:47]} dxc4 {[%clk 1:29:27]}
4.Qa4+ {[%clk 1:25:12]} Nd7 {[%clk 1:29:45]} 5.Qxc4 {[%clk 1:25:31]}
a6 {[%clk 1:29:46]} 6.Bg2 {[%clk 1:25:35]} b5 {[%clk 1:29:45]}
7.Qc2 {[%clk 1:25:48]} Bb7 {[%clk 1:30:03]} 8.Nc3 {[%clk 1:24:54]}
Ngf6 {[%clk 1:28:58]} 9.a4 {[%clk 1:21:03]} b4 {[%clk 1:23:19]}
10.Nd1 {[%clk 1:20:02]} Ne5 {[%clk 1:14:23]} 11.Nxe5 {[%clk 1:10:11]}
Bxg2 {[%clk 1:14:43]} 12.Rg1 {[%clk 1:10:40]} Bb7 {[%clk 1:14:04]}
13.b3 {[%clk 1:11:00]} c5 {[%clk 1:03:01]} 14.Bb2 {[%clk 1:11:07]}
Be7 {[%clk 1:02:18]} 15.Ne3 {[%clk 1:08:28]} O-O {[%clk 1:01:15]}
16.O-O-O {[%clk 1:01:41]} Ne4 {[%clk 0:50:29]} 17.f3 {[%clk 0:52:17]}
Nd6 {[%clk 0:47:18]} 18.g4 {[%clk 0:48:13]} f6 {[%clk 0:38:46]}
19.N5c4 {[%clk 0:45:52]} Nb5 {[%clk 0:38:33]} 20.axb5 {[%clk 0:38:15]}
axb5 {[%clk 0:38:59]} 21.g5 {[%clk 0:29:50]} bxc4 {[%clk 0:39:01]}
22.Qxc4 {[%clk 0:27:56]} Bd5 {[%clk 0:37:34]} 23.Qd3 {[%clk 0:26:49]}
fxg5 {[%clk 0:35:38]} 24.h4 {[%clk 0:23:52]} Ra2 {[%clk 0:25:42]}
25.hxg5 {[%clk 0:21:19]} Bxg5 {[%clk 0:25:17]} 26.Kb1 {[%clk 0:17:30]}
Rxb2+ {[%clk 0:21:30]} 27.Kxb2 {[%clk 0:16:32]} Bf6+ {[%clk 0:21:54]}
28.Kc2 {[%clk 0:16:37]} Qa8 {[%clk 0:20:01]} 29.Rb1 {[%clk 0:14:20]}
Rd8 {[%clk 0:09:56]} 30.Ng4 {[%clk 0:12:58]} Qa2+ {[%clk 0:09:35]}
31.Kc1 {[%clk 0:13:16]} Bg5 {[%clk 0:08:38]} 32.Rb2 {[%clk 0:09:26]}
Qa1+ {[%clk 0:06:37]} 33.Qb1 {[%clk 0:09:35]} Qa7 {[%clk 0:06:41]}
34.f4 {[%clk 0:07:41]} c4 {[%clk 0:06:30]} 35.e3 {[%clk 0:07:27]}
c3 {[%clk 0:06:02]} 36.dxc3 {[%clk 0:04:52]} Bf3 {[%clk 0:04:20]}
37.Qa2 {[%clk 0:00:50]} Qc5 {[%clk 0:04:17]} 38.fxg5 {[%clk 0:00:45]}
Bxg4 {[%clk 0:04:28]} 39.Kb1 {[%clk 0:00:35]} Qxe3 {[%clk 0:04:06]}
40.Rf1 {[%clk 0:30:33]} Qd3+ {[%clk 0:34:21]} 0-1

[Event "Russian Higher League 2021"]
[Site "?"]
[Date "2021.07.05"]
[Round "9.19"]
[White "Belyakov, Bogdan"]
[Black "Saveliev, Alexei"]
[Result "1-0"]
[WhiteElo "2465"]
[BlackElo "2381"]
[Annotator ""]
[Source ""]
[Remark ""]

1.e4 {[%clk 1:30:56]} c5 {[%clk 1:27:57]} 2.Nf3 {[%clk 1:31:15]}
e6 {[%clk 1:26:57]} 3.c3 {[%clk 1:31:38]} d5 {[%clk 1:27:16]}
4.exd5 {[%clk 1:31:51]} exd5 {[%clk 1:27:39]} 5.d4 {[%clk 1:32:16]}
Nc6 {[%clk 1:27:58]} 6.Bb5 {[%clk 1:32:34]} Bd6 {[%clk 1:28:03]}
7.dxc5 {[%clk 1:32:29]} Bxc5 {[%clk 1:28:28]} 8.O-O {[%clk 1:32:51]}
Nge7 {[%clk 1:28:05]} 9.Nbd2 {[%clk 1:33:14]} O-O {[%clk 1:28:20]}
10.Nb3 {[%clk 1:33:37]} Bd6 {[%clk 1:28:15]} 11.Bd3 {[%clk 1:31:14]}
h6 {[%clk 1:25:00]} 12.h3 {[%clk 1:29:57]} Bd7 {[%clk 1:21:54]}
13.Nbd4 {[%clk 1:23:14]} Rc8 {[%clk 1:21:14]} 14.Bc2 {[%clk 1:20:47]}
Bb8 {[%clk 1:15:43]} 15.Re1 {[%clk 1:14:26]} Re8 {[%clk 1:13:54]}
16.Qd3 {[%clk 1:14:19]} Ng6 {[%clk 1:14:19]} 17.Rxe8+ {[%clk 1:13:37]}
Qxe8 {[%clk 1:07:07]} 18.Bd2 {[%clk 1:12:16]} Nxd4 19.Nxd4 Qe5
{[%clk 1:06:52]} 20.Nf3 {[%clk 1:11:50]} Qd6 {[%clk 1:06:55]}
21.Re1 {[%clk 1:09:29]} Re8 {[%clk 1:03:39]} 22.Rxe8+ {[%clk 1:08:45]}
Bxe8 {[%clk 1:04:07]} 23.Be3 {[%clk 1:06:47]} a6 {[%clk 1:01:54]}
24.Bd4 {[%clk 1:00:09]} Bb5 {[%clk 0:58:12]} 25.Qe3 {[%clk 0:59:40]}
Bc7 {[%clk 0:46:41]} 26.g3 {[%clk 0:50:38]} Bd7 {[%clk 0:43:00]}
27.h4 {[%clk 0:49:55]} Bd8 {[%clk 0:40:32]} 28.Bc5 {[%clk 0:40:43]}
Qf6 {[%clk 0:39:42]} 29.Kg2 {[%clk 0:36:35]} Bc6 {[%clk 0:33:14]}
30.Bd4 {[%clk 0:32:07]} Qd6 {[%clk 0:32:51]} 31.Bb3 {[%clk 0:26:37]}
Bd7 {[%clk 0:30:10]} 32.Kg1 {[%clk 0:22:46]} Bc6 {[%clk 0:28:36]}
33.h5 {[%clk 0:13:54]} Nf8 {[%clk 0:27:39]} 34.Qe5 {[%clk 0:13:59]}
Qxe5 {[%clk 0:27:33]} 35.Nxe5 {[%clk 0:14:25]} Ne6 {[%clk 0:27:11]}
36.Nxc6 {[%clk 0:13:10]} bxc6 {[%clk 0:25:21]} 37.Be3 {[%clk 0:13:35]}
Kf8 {[%clk 0:19:38]} 38.Ba4 {[%clk 0:11:37]} c5 {[%clk 0:19:57]}
39.Bc6 {[%clk 0:11:54]} d4 {[%clk 0:14:40]} 40.cxd4 {[%clk 0:42:09]}
cxd4 {[%clk 0:43:31]} 41.Bd2 {[%clk 0:42:31]} Bb6 {[%clk 0:43:31]}
42.b4 {[%clk 0:39:44]} Ke7 {[%clk 0:37:11]} 43.Be4 {[%clk 0:34:52]}
Kd6 {[%clk 0:31:02]} 44.Bd3 {[%clk 0:34:39]} a5 {[%clk 0:28:55]}
45.bxa5 {[%clk 0:33:09]} Ba7 {[%clk 0:28:43]} 46.Kf1 {[%clk 0:30:37]}
Kd5 {[%clk 0:28:45]} 47.Ke2 {[%clk 0:30:36]} Nc5 {[%clk 0:29:10]}
48.f3 {[%clk 0:29:45]} Na4 {[%clk 0:28:57]} 49.Bc2 {[%clk 0:29:19]}
Nc3+ {[%clk 0:29:15]} 50.Kd3 {[%clk 0:29:19]} Kc5 {[%clk 0:29:31]}
51.Bb3 {[%clk 0:27:14]} f6 {[%clk 0:28:24]} 52.Bf4 {[%clk 0:24:41]}
Nb5 {[%clk 0:28:45]} 53.g4 {[%clk 0:24:57]} Nd6 {[%clk 0:26:50]}
54.Bg3 {[%clk 0:24:10]} Nb5 {[%clk 0:26:21]} 55.Be1 {[%clk 0:19:46]}
Nc3 {[%clk 0:25:14]} 56.Bf2 {[%clk 0:18:21]} Nb5 {[%clk 0:25:18]}
57.Bc4 {[%clk 0:17:19]} Kd5 58.Ke4+ 1-0

[Event "Russian Higher League 2021"]
[Site "?"]
[Date "2021.07.05"]
[Round "9.20"]
[White "Savitskiy, Sergey"]
[Black "Obgolts, Erik"]
[Result "1-0"]
[WhiteElo "2437"]
[BlackElo "2425"]
[Annotator ""]
[Source ""]
[Remark ""]

1.Nf3 {[%clk 1:30:57]} Nf6 {[%clk 1:30:54]} 2.g3 {[%clk 1:31:16]}
g6 {[%clk 1:31:20]} 3.Bg2 {[%clk 1:31:41]} Bg7 {[%clk 1:31:46]}
4.O-O {[%clk 1:32:04]} O-O {[%clk 1:32:12]} 5.c4 {[%clk 1:32:08]}
d6 {[%clk 1:32:29]} 6.d4 {[%clk 1:32:33]} c6 {[%clk 1:27:46]}
7.Nc3 {[%clk 1:32:12]} Bf5 {[%clk 1:28:12]} 8.Nh4 {[%clk 1:23:04]}
Be6 {[%clk 1:28:35]} 9.d5 {[%clk 1:23:28]} cxd5 {[%clk 1:29:02]}
10.cxd5 {[%clk 1:23:53]} Bd7 {[%clk 1:29:29]} 11.e4 {[%clk 1:23:55]}
Na6 {[%clk 1:27:39]} 12.Rb1 {[%clk 1:12:09]} Qc7 {[%clk 1:16:27]}
13.h3 {[%clk 1:07:55]} b5 {[%clk 1:06:43]} 14.Qe2 {[%clk 1:02:02]}
Qc4 {[%clk 0:46:38]} 15.Qxc4 {[%clk 0:57:37]} bxc4 {[%clk 0:47:04]}
16.Be3 {[%clk 0:56:58]} Rfc8 {[%clk 0:43:55]} 17.Nf3 {[%clk 0:55:18]}
Nc5 {[%clk 0:33:38]} 18.Nd4 {[%clk 0:54:38]} Nd3 {[%clk 0:21:49]}
19.b4 {[%clk 0:48:43]} cxb3 {[%clk 0:19:52]} 20.Rxb3 {[%clk 0:49:02]}
Ne5 {[%clk 0:19:18]} 21.Nce2 {[%clk 0:37:43]} Nc4 {[%clk 0:18:42]}
22.Nc6 {[%clk 0:34:02]} Nxe3 {[%clk 0:18:26]} 23.fxe3 {[%clk 0:30:32]}
Bxc6 {[%clk 0:06:32]} 24.dxc6 {[%clk 0:30:03]} e5 {[%clk 0:04:56]}
25.Rc1 {[%clk 0:29:56]} Rc7 {[%clk 0:04:50]} 26.Rb7 {[%clk 0:30:02]}
Rac8 {[%clk 0:04:57]} 27.Rxc7 {[%clk 0:30:27]} Rxc7 {[%clk 0:05:25]}
28.Rc4 {[%clk 0:30:44]} d5 {[%clk 0:02:43]} 29.exd5 {[%clk 0:31:03]}
Ne8 {[%clk 0:03:10]} 30.Rb4 {[%clk 0:25:55]} Nd6 {[%clk 0:03:35]}
31.Rb8+ {[%clk 0:26:18]} Bf8 {[%clk 0:04:03]} 32.Nc3 {[%clk 0:25:24]}
f5 {[%clk 0:03:24]} 33.Bf1 {[%clk 0:20:59]} Kf7 {[%clk 0:03:25]}
34.Ba6 {[%clk 0:20:11]} Be7 {[%clk 0:03:43]} 35.Kf2 {[%clk 0:17:56]}
h5 {[%clk 0:04:02]} 36.h4 {[%clk 0:16:33]} g5 {[%clk 0:03:57]}
37.hxg5 {[%clk 0:16:18]} Bxg5 {[%clk 0:04:24]} 38.Rh8 {[%clk 0:15:49]}
Kg6 {[%clk 0:04:36]} 39.Nb5 {[%clk 0:14:39]} Nxb5 {[%clk 0:05:01]}
40.Bxb5 {[%clk 0:45:05]} Be7 {[%clk 0:35:13]} 41.Be2 {[%clk 0:45:27]}
h4 {[%clk 0:34:54]} 42.gxh4 {[%clk 0:41:31]} Kg7 {[%clk 0:35:21]}
43.Re8 {[%clk 0:41:50]} Bxh4+ {[%clk 0:35:36]} 44.Kf1 {[%clk 0:42:08]}
e4 {[%clk 0:35:48]} 45.Re6 {[%clk 0:40:38]} Bg5 {[%clk 0:35:26]}
46.Bh5 {[%clk 0:39:46]} Bxe3 {[%clk 0:35:42]} 47.Be8 {[%clk 0:40:07]}
Bc5 {[%clk 0:35:37]} 48.d6 {[%clk 0:40:01]} Bxd6 {[%clk 0:36:00]}
49.Rxd6 {[%clk 0:40:27]} Kf8 {[%clk 0:36:28]} 50.Bd7 {[%clk 0:40:50]} 1-0

[Event "Russian Higher League 2021"]
[Site "?"]
[Date "2021.07.05"]
[Round "9.21"]
[White "Ibadov, Dashgyn"]
[Black "Grachev, Alexey"]
[Result "0-1"]
[WhiteElo "2285"]
[BlackElo "2347"]
[Annotator ""]
[Source ""]
[Remark ""]

1.e4 {[%clk 1:30:57]} c5 {[%clk 1:30:56]} 2.Nf3 {[%clk 1:31:23]}
d6 {[%clk 1:31:22]} 3.Bb5+ {[%clk 1:31:31]} Bd7 {[%clk 1:31:32]}
4.Bxd7+ {[%clk 1:31:54]} Nxd7 {[%clk 1:31:56]} 5.O-O {[%clk 1:31:49]}
Ngf6 {[%clk 1:32:09]} 6.Qe2 {[%clk 1:31:47]} Rc8 {[%clk 1:32:15]}
7.c3 {[%clk 1:28:12]} e6 {[%clk 1:32:25]} 8.d4 {[%clk 1:27:52]}
cxd4 {[%clk 1:32:42]} 9.cxd4 {[%clk 1:28:14]} d5 {[%clk 1:32:55]}
10.e5 {[%clk 1:23:15]} Ng8 {[%clk 1:33:04]} 11.Bg5 {[%clk 1:17:14]}
Ne7 {[%clk 1:33:08]} 12.Nc3 {[%clk 1:16:40]} a6 {[%clk 1:33:00]}
13.Rac1 {[%clk 1:09:56]} h6 {[%clk 1:32:58]} 14.Bxe7 {[%clk 1:09:51]}
Bxe7 {[%clk 1:33:21]} 15.Rc2 {[%clk 1:07:08]} O-O {[%clk 1:29:48]}
16.Rfc1 {[%clk 1:07:12]} Rc4 {[%clk 1:16:02]} 17.Nd1 {[%clk 1:03:57]}
Nb6 {[%clk 1:10:09]} 18.Ne3 {[%clk 1:03:33]} Rxc2 {[%clk 1:10:26]}
19.Rxc2 {[%clk 1:02:23]} Qd7 {[%clk 1:08:41]} 20.h4 {[%clk 1:02:42]}
Rc8 {[%clk 1:08:55]} 21.h5 {[%clk 1:02:29]} Rxc2 {[%clk 1:08:11]}
22.Qxc2 {[%clk 1:02:17]} Nc8 {[%clk 1:08:26]} 23.g4 {[%clk 1:00:30]}
Na7 {[%clk 1:07:54]} 24.Ne1 {[%clk 0:56:09]} Nc6 {[%clk 1:04:19]}
25.Qd3 {[%clk 0:42:53]} Qc7 {[%clk 0:56:03]} 26.N3c2 {[%clk 0:30:46]}
Qa5 {[%clk 0:46:14]} 27.a3 {[%clk 0:30:15]} Bg5 {[%clk 0:46:33]}
28.b4 {[%clk 0:28:24]} Qc7 {[%clk 0:35:05]} 29.Qc3 {[%clk 0:27:27]}
Bd8 {[%clk 0:28:49]} 30.Kg2 {[%clk 0:24:16]} Qe7 {[%clk 0:23:58]}
31.f4 {[%clk 0:24:03]} Qh4 {[%clk 0:23:10]} 32.Qg3 {[%clk 0:24:17]}
Qe7 {[%clk 0:23:18]} 33.Qc3 {[%clk 0:20:50]} Qh4 {[%clk 0:21:53]}
34.Qg3 {[%clk 0:21:16]} Qe7 {[%clk 0:22:20]} 35.Nf3 {[%clk 0:19:11]}
Qc7 {[%clk 0:22:01]} 36.Ne3 {[%clk 0:13:07]} Ne7 {[%clk 0:16:42]}
37.g5 {[%clk 0:12:14]} hxg5 {[%clk 0:17:09]} 38.fxg5 {[%clk 0:12:08]}
Qc1 {[%clk 0:14:18]} 39.Kf2 {[%clk 0:02:50]} Qb2+ {[%clk 0:14:06]}
40.Kg1 {[%clk 0:32:35]} Qxa3 {[%clk 0:43:58]} 41.Qf2 {[%clk 0:21:39]}
Qxb4 {[%clk 0:35:40]} 42.Qc2 {[%clk 0:08:37]} Bb6 {[%clk 0:25:05]}
43.Qd3 {[%clk 0:08:17]} Nc6 {[%clk 0:20:23]} 44.g6 {[%clk 0:08:28]}
Bxd4 {[%clk 0:20:36]} 45.gxf7+ {[%clk 0:07:54]} Kxf7 {[%clk 0:17:46]}
46.Kf2 {[%clk 0:04:10]} Qc3 {[%clk 0:15:03]} 47.Qg6+ {[%clk 0:03:38]}
Kf8 {[%clk 0:15:27]} 48.Nxd4 {[%clk 0:03:31]} Nxd4 {[%clk 0:15:49]} 0-1

[Event "Russian Higher League 2021"]
[Site "?"]
[Date "2021.07.05"]
[Round "9.22"]
[White "Chyndygyr, Tamerlan"]
[Black "Smirnov, Anton"]
[Result "1/2-1/2"]
[WhiteElo "2121"]
[BlackElo "2154"]
[Annotator ""]
[Source ""]
[Remark ""]

1.d4 {[%clk 1:30:57]} Nf6 {[%clk 1:30:55]} 2.c4 {[%clk 1:31:20]}
e6 {[%clk 1:31:23]} 3.Nc3 {[%clk 1:31:43]} Bb4 {[%clk 1:31:50]}
4.Qc2 {[%clk 1:32:06]} O-O {[%clk 1:32:14]} 5.a3 {[%clk 1:32:18]}
Bxc3+ {[%clk 1:32:40]} 6.Qxc3 {[%clk 1:32:43]} b6 {[%clk 1:33:04]}
7.Nf3 {[%clk 1:33:04]} Bb7 {[%clk 1:33:04]} 8.g3 {[%clk 1:33:27]}
d5 {[%clk 1:28:19]} 9.cxd5 {[%clk 1:32:11]} Nxd5 {[%clk 1:28:05]}
10.Qc2 {[%clk 1:32:26]} c5 {[%clk 1:24:50]} 11.dxc5 {[%clk 1:30:49]}
Nd7 {[%clk 1:23:43]} 12.Bg2 {[%clk 1:28:48]} Rc8 {[%clk 1:23:00]}
13.O-O {[%clk 1:25:49]} Nxc5 {[%clk 1:23:17]} 14.b4 {[%clk 1:24:01]}
Nd7 {[%clk 1:23:02]} 15.Qd2 {[%clk 1:22:29]} b5 {[%clk 1:16:58]}
16.Bb2 {[%clk 1:10:15]} N7b6 {[%clk 1:13:58]} 17.Bd4 {[%clk 1:08:56]}
Nc4 {[%clk 1:12:19]} 18.Qd3 {[%clk 1:08:06]} a5 {[%clk 1:02:16]}
19.Bc5 {[%clk 0:59:09]} Re8 {[%clk 1:02:35]} 20.Nd2 {[%clk 0:57:45]}
axb4 {[%clk 0:53:20]} 21.axb4 {[%clk 0:57:29]} Nf4 {[%clk 0:50:37]}
22.gxf4 {[%clk 0:57:38]} Bxg2 {[%clk 0:50:31]} 23.Qxd8 {[%clk 0:48:03]}
Rexd8 {[%clk 0:50:01]} 24.Kxg2 {[%clk 0:48:13]} Rxd2 {[%clk 0:42:59]}
25.e3 {[%clk 0:42:21]} h5 {[%clk 0:38:17]} 26.Rfd1 {[%clk 0:41:27]}
Rxd1 {[%clk 0:32:36]} 27.Rxd1 {[%clk 0:41:45]} Nb2 {[%clk 0:32:45]}
28.Rd7 {[%clk 0:36:25]} Na4 {[%clk 0:32:43]} 29.Bd6 {[%clk 0:33:37]}
Nc3 {[%clk 0:29:28]} 30.Kf3 {[%clk 0:28:47]} Rc4 {[%clk 0:28:49]}
31.Rb7 {[%clk 0:27:50]} Ne4 {[%clk 0:27:01]} 32.Be7 {[%clk 0:27:58]}
Nc3 {[%clk 0:26:42]} 33.Bc5 {[%clk 0:28:07]} f6 {[%clk 0:23:46]}
34.h3 {[%clk 0:25:17]} f5 {[%clk 0:17:23]} 35.Bd4 {[%clk 0:20:40]}
Ne4 {[%clk 0:16:31]} 36.Rxb5 {[%clk 0:21:04]} Rc2 {[%clk 0:16:43]}
37.Kg2 {[%clk 0:21:02]} Rxf2+ {[%clk 0:16:19]} 38.Kg1 {[%clk 0:21:26]}
Re2 {[%clk 0:10:32]} 39.h4 {[%clk 0:16:25]} Nd2 {[%clk 0:09:21]}
40.Bc5 {[%clk 0:36:52]} Nf3+ {[%clk 0:39:33]} 41.Kf1 {[%clk 0:37:16]}
Rd2 {[%clk 0:36:27]} 42.Rb7 {[%clk 0:36:01]} Nxh4 {[%clk 0:27:27]}
43.Bd4 {[%clk 0:35:23]} g6 {[%clk 0:26:15]} 44.b5 {[%clk 0:20:45]}
Nf3 {[%clk 0:24:42]} 45.Bf6 {[%clk 0:20:43]} h4 {[%clk 0:20:41]}
46.b6 {[%clk 0:20:42]} h3 {[%clk 0:18:45]} 47.Rg7+ {[%clk 0:20:56]}
Kf8 {[%clk 0:19:08]} 48.b7 {[%clk 0:21:02]} Nh2+ {[%clk 0:19:20]} 1/2-1/2

[Event "Russian Higher League 2021"]
[Site "?"]
[Date "2021.07.05"]
[Round "9.23"]
[White "Askerov, Marat"]
[Black "Galaktionov, Artem"]
[Result "0-1"]
[WhiteElo "2354"]
[BlackElo "2318"]
[Annotator ""]
[Source ""]
[Remark ""]

1.d4 {[%clk 1:28:04]} d5 {[%clk 1:30:56]} 2.c4 {[%clk 1:28:30]}
e6 {[%clk 1:31:24]} 3.Nc3 {[%clk 1:28:53]} Be7 {[%clk 1:31:47]}
4.cxd5 {[%clk 1:29:11]} exd5 {[%clk 1:32:15]} 5.Bf4 {[%clk 1:29:34]}
c6 {[%clk 1:32:42]} 6.e3 {[%clk 1:29:46]} Bd6 {[%clk 1:25:15]}
7.Bxd6 {[%clk 1:28:51]} Qxd6 {[%clk 1:24:13]} 8.Bd3 {[%clk 1:29:14]}
Nf6 {[%clk 1:17:02]} 9.Qc2 {[%clk 1:25:34]} O-O {[%clk 1:17:07]}
10.Nf3 {[%clk 1:26:00]} Nbd7 {[%clk 1:11:59]} 11.O-O {[%clk 1:26:20]}
Re8 {[%clk 1:12:22]} 12.Rab1 {[%clk 1:26:23]} a5 {[%clk 1:12:39]}
13.a3 {[%clk 1:26:05]} h6 {[%clk 1:10:17]} 14.Rfc1 {[%clk 1:25:58]}
Qe7 {[%clk 1:06:48]} 15.Nd2 {[%clk 1:24:00]} b6 {[%clk 1:05:08]}
16.Na4 {[%clk 1:04:02]} Bb7 {[%clk 1:05:12]} 17.Bf5 {[%clk 1:04:20]}
g6 {[%clk 0:57:48]} 18.Bh3 {[%clk 1:02:58]} Ra6 {[%clk 0:50:41]}
19.Qb3 {[%clk 0:55:49]} Rb8 {[%clk 0:48:03]} 20.Rc2 {[%clk 0:51:14]}
Ba8 {[%clk 0:45:31]} 21.Rbc1 {[%clk 0:50:18]} Qd6 {[%clk 0:41:11]}
22.Qd3 {[%clk 0:49:16]} Ra7 {[%clk 0:39:57]} 23.Rc3 {[%clk 0:48:27]}
Rc7 {[%clk 0:39:31]} 24.Rb3 {[%clk 0:46:39]} Qe7 {[%clk 0:30:21]}
25.Bxd7 {[%clk 0:36:12]} Nxd7 {[%clk 0:30:36]} 26.h3 {[%clk 0:36:18]}
Rcc8 {[%clk 0:29:30]} 27.e4 {[%clk 0:29:14]} dxe4 {[%clk 0:28:00]}
28.Qxe4 {[%clk 0:29:39]} Qxe4 {[%clk 0:27:09]} 29.Nxe4 {[%clk 0:30:07]}
c5 {[%clk 0:27:22]} 30.Nd6 {[%clk 0:27:56]} Rd8 {[%clk 0:20:13]}
31.dxc5 {[%clk 0:17:16]} Nxc5 {[%clk 0:19:28]} 32.Nxc5 {[%clk 0:17:21]}
Rxd6 {[%clk 0:19:53]} 33.Na6 {[%clk 0:12:46]} Rbd8 {[%clk 0:19:34]}
34.Nc7 {[%clk 0:13:11]} Be4 {[%clk 0:17:11]} 35.f3 {[%clk 0:09:11]}
Bd3 {[%clk 0:16:11]} 36.Kf2 {[%clk 0:08:07]} g5 {[%clk 0:13:40]}
37.a4 {[%clk 0:00:57]} Bf5 {[%clk 0:11:20]} 38.g4 {[%clk 0:00:34]}
Bd7 {[%clk 0:11:29]} 39.Nb5 {[%clk 0:00:49]} Rd2+ {[%clk 0:11:54]}
40.Ke3 {[%clk 0:30:58]} Be6 {[%clk 0:42:18]} 41.Rbc3 {[%clk 0:26:43]}
Rxb2 {[%clk 0:42:12]} 42.Nd4 {[%clk 0:20:47]} Re8 {[%clk 0:39:39]}
43.Nxe6 {[%clk 0:21:13]} Rxe6+ {[%clk 0:40:08]} 44.Kd3 {[%clk 0:20:29]}
Rf6 {[%clk 0:37:21]} 45.Ke3 {[%clk 0:14:55]} Rf4 {[%clk 0:36:12]}
46.Ra1 {[%clk 0:07:42]} Rh2 {[%clk 0:36:18]} 47.Raa3 {[%clk 0:01:11]}
Rxh3 {[%clk 0:36:31]} 48.Kf2 {[%clk 0:01:31]} Rh2+ {[%clk 0:36:35]}
49.Ke3 {[%clk 0:01:55]} Rb2 {[%clk 0:35:44]} 50.Rc6 {[%clk 0:02:20]}
Kg7 {[%clk 0:36:02]} 51.Rd6 {[%clk 0:02:22]} Rbb4 {[%clk 0:36:08]}
52.Rc3 {[%clk 0:02:43]} Rf6 {[%clk 0:36:15]} 53.Rxf6 {[%clk 0:02:13]}
Kxf6 {[%clk 0:36:42]} 54.Rc6+ {[%clk 0:02:38]} Kg7 {[%clk 0:37:08]}
55.Rd6 {[%clk 0:02:46]} Rxa4 {[%clk 0:37:04]} 56.Rxb6 {[%clk 0:03:11]}
Ra1 {[%clk 0:37:17]} 57.Ra6 {[%clk 0:03:34]} a4 {[%clk 0:37:32]}
58.Kf2 {[%clk 0:02:20]} a3 {[%clk 0:37:53]} 59.Kg2 {[%clk 0:02:39]}
f6 {[%clk 0:38:03]} 60.Kf2 {[%clk 0:02:29]} Kg6 {[%clk 0:38:21]}
61.Kg2 {[%clk 0:02:04]} a2 {[%clk 0:37:45]} 62.Ra7 {[%clk 0:01:40]}
h5 {[%clk 0:38:12]} 63.Ra4 {[%clk 0:01:45]} h4 {[%clk 0:37:15]}
64.Ra6 {[%clk 0:02:05]} Kf7 {[%clk 0:37:41]} 65.Ra7+ {[%clk 0:02:03]}
Ke6 {[%clk 0:38:06]} 66.Ra6+ {[%clk 0:02:08]} Ke5 {[%clk 0:38:30]}
67.Ra4 {[%clk 0:01:53]} h3+ {[%clk 0:38:18]} 68.Kh2 {[%clk 0:02:17]}
Kd5 {[%clk 0:38:46]} 69.Ra6 {[%clk 0:01:24]} Kd4 {[%clk 0:39:12]}
70.Ra3 {[%clk 0:01:36]} Kc4 {[%clk 0:39:40]} 71.Ra6 {[%clk 0:01:40]}
Kd3 {[%clk 0:40:07]} 72.Ra4 {[%clk 0:00:38]} Ke3 {[%clk 0:40:32]}
73.Ra3+ {[%clk 0:00:52]} Ke2 0-1